| 000 | 00767nam a2200205 i 4500 | ||
|---|---|---|---|
| 001 | 47422 | ||
| 003 | ES-MaACL | ||
| 005 | 20230907181745.0 | ||
| 007 | t| | ||
| 008 | 030424s1924 sp ||||1| spa d | ||
| 100 | 1 |
_aBarcia Trelles, Camilo, _d1888-1977 _925548 |
|
| 245 | 1 | 3 |
_aLa política exterior norteamericana de la postguerra _b: [programa] / _cpor Camilo Barcia Trelles. |
| 260 |
_aValladolid : _b[s.n., _c1924]] |
||
| 300 |
_a9 p., [5] h. de mapas ; _c24 cm. |
||
| 594 | _aPrecede al tit.: Universidad de Valladolid. Sección de estudios americanistas. Enero a Mayo de 1924. | ||
| 596 | _aDatos de la cubierta. | ||
| 651 |
_aEstados Unidos- _xPolítica exterior- _y1900-1945. _9158469 |
||
| 852 |
_aES-MaACL _j1667-F-32 |
||
| 999 |
_c47422 _d47422 |
||